| 000 | 00837cab a2200265 4500 | ||
|---|---|---|---|
| 001 | WB3114-09 | ||
| 008 | 090401t1995 xxu||||| |||| 00| 0 eng d | ||
| 035 | _a(Sirsi) u46094 | ||
| 041 | _aeng | ||
| 245 | _aThatched roofs | ||
| 260 | _c1995 | ||
| 350 | _a0 | ||
| 490 |
_aFinancial Times _v7 April 1995, 11(1) |
||
| 520 | _aA research project, aimed at extending the life of thatched roofs and reducing the number of roof fires, has the support of insurance companies and government. | ||
| 650 | _aDEPARTMENT OF THE ENVIRONMENT | ||
| 650 | _aFIRE PREVENTION | ||
| 650 | _aMANAGEMENT-HEALTH AND SAFETY-FIRE SAFETY | ||
| 650 |
_aInsurance _96249 |
||
| 650 | _aRANKS HOVIS MCDOUGALL | ||
| 650 | _aTHATCH | ||
| 650 | _aTHATCHED ROOFS | ||
| 690 | _aBUILT ENVIRONMENT-BUILDING STANDARDS | ||
| 942 | _n0 | ||
| 948 | _c04/03/1997 | ||
| 999 |
_c29163 _d29163 |
||